Statistics for 2022 NBA All-Star Game

Click here to take the quiz!

General Stats

  • This quiz has been taken 60 times
  • The average score is 27 of 29

Answer Stats

PositionTeamPlayer% Correct
GPhoenix SunsChris Paul
100%
dReservesd
100%
Reservesd
100%
Startersd
100%
Western Conferenced
100%
dStartersd
100%
Eastern Conferenced
100%
FBoston CelticsJayson Tatum
100%
FLos Angeles LakersLeBron James
100%
GGolden State WarriorsStephen Curry
100%
GPhoenix SunsDevin Booker
98%
FMilwaukee BucksGiannis Antetokounmpo
98%
GMemphis GrizzliesJa Morant
98%
F/GMiami HeatJimmy Butler
98%
G/FDallas MavericksLuka Doncic
98%
CPhiladelphia 76ersJoel Embiid
96%
GCharlotte HornetsLamelo Ball
96%
CDenver NuggetsNikola Jokic
96%
GAtlanta HawksTrae Young
96%
GChicago BullsDeMar DeRozan
92%
CMinnesota TimberwolvesKarl-Anthony Towns
92%
CUtah JazzRudy Gobert
90%
GChicago BullsZach Lavine
88%
GSan Antonio SpursDejounte Murray
82%
CCleveland CavaliersJarrett Allen
82%
FGolden State WarriorsAndrew Wiggins
80%
GCleveland CavaliersDarius Garland
80%
GToronto RaptorsFred VanVleet
73%
G/FMilwaukee BucksKris Middleton
37%

Score Distribution

Percentile by Number Answered

Percent of People with Each Score

Your Score History

You have not taken this quiz